000 00680nam a2200229 a 4500
005 20240919064234.0
008 020226s1975 es r 000 0 spa d
020 _a8429706658
035 _aUPN01000116511
049 _aCG
050 4 _aHT321
_bJ3.38 1975
100 1 _aJacobs, Jane,
_d1916-2006
245 1 3 _aLa economía de las ciudades /
_cJane Jacobs ; tr. José Alvarez.
250 _a2a ed.
260 _aBarcelona, Esp. :
_bPenínsula,
_c1975.
300 _a287 p.
440 0 _aHistoria, ciencia, sociedad ;
_v83
534 _pTraducción de:
_tThe economy of cities
650 4 _aECONOMIA URBANA
_914956
650 4 _aDesarrollo económico
_96460
905 _aLibro
999 _c89248
_d89248